000 00650nam a2200217 a 4500
999 _c4710
_d4710
001 4710
003 BD-JhCC
005 20171130124946.0
008 171130s bg b|||| ||a| 000 0 ben d
035 _a(BD-JhCC)4710
040 _aBD-JhCC
_dBD-JhCC
041 _aben
082 _a960
_bMAH
100 _aমাহমুদ, ফারুক
245 _aজাগ্রত মুসলিম আফ্রিকা /
_cফারুক মাহমুদ,
260 _aঢাকা :
_bইসলামিয়া লাইব্রেরী,
300 _a269 p. :
_c20 cm.
650 _aMuslims
_zAfrica
942 _2ddc
_cBK